000 00466nmm a2200157Ia 4500
008 251105s9999||||xx |||||||||||||||||und||
020 _a9789586486149
041 _aspa
100 _aPrieto Herrera, José Eliécer
245 0 _aProyectos :
_b Enfoque gerencial
264 _a[Bogotá, Colombia] :
_bEcoe Ediciones,
_c2009
300 _a237 páginas
650 _aEconomics and Business
856 _uhttps://public.digitaliapublishing.com/a/103009
942 _cCF
999 _c95283
_d95283